[Event "PRO League Group Stage"]
[Site "chess.com INT"]
[Date "2020.02.05"]
[Round "5"]
[White "Ganguly, Surya Shekhar"]
[Black "Xu, Xiangyu"]
[Result "1-0"]
[WhiteTitle "GM"]
[BlackTitle "GM"]
[WhiteElo "2636"]
[BlackElo "2580"]
[WhiteTeam "India Yogis"]
[BlackTeam "China Pandas"]
[WhiteFideId "5002150"]
[BlackFideId "8608288"]
[EventDate "2020.01.06"]

1. Nf3 d5 2. e3 Nf6 3. c4 c5 4. cxd5 Nxd5 5. Nc3 e6 6. Bb5+ Bd7 7. Bxd7+ Qxd7 8.
Ne5 Qc7 9. Qa4+ Nc6 10. Nxc6 Qxc6 11. Qxc6+ bxc6 12. b3 Nxc3 13. dxc3 c4 14.
bxc4 Rb8 15. Kd2 Bd6 16. Kc2 Ke7 17. Rd1 h5 18. h3 Bc5 19. a4 a5 20. Bd2 Rb7 21.
Rab1 Rhb8 22. Rxb7+ Rxb7 23. f3 Ba3 24. Rb1 Rxb1 25. Kxb1 e5 26. e4 Bc5 27. Kc2
f6 28. Kd3 Ke6 29. f4 Bb6 30. f5+ Kf7 31. c5 Bxc5 32. Kc4 Bb6 33. Bc1 g6 34. g4
hxg4 35. hxg4 gxf5 36. gxf5 Ke7 37. Ba3+ Kd7 38. Bf8 Bd8 39. Kc5 Kc7 40. Bd6+
Kd7 41. Bb8 Kc8 42. Kxc6 Kxb8 43. Kd7 Bb6 44. Ke7 Kc7 45. Kxf6 Kd6 46. Kg7 Kc5
47. f6 Bd8 48. Kg6 Kc4 49. Kf5 Kxc3 50. f7 Be7 51. Kxe5 Kb4 52. Ke6 Bf8 53. Kd7
Kxa4 54. e5 Kb3 55. e6 a4 56. e7 Bxe7 57. Kxe7 a3 58. f8=Q Kc2 59. Qf2+ Kb1 60.
Qb6+ Kc2 61. Qc5+ 1-0

[Event "PRO League Group Stage"]
[Site "chess.com INT"]
[Date "2020.02.05"]
[Round "5"]
[White "Narayanan, S.L."]
[Black "Zhao, Jun"]
[Result "1-0"]
[WhiteTitle "GM"]
[BlackTitle "GM"]
[WhiteElo "2637"]
[BlackElo "2638"]
[WhiteTeam "India Yogis"]
[BlackTeam "China Pandas"]
[WhiteFideId "5058422"]
[BlackFideId "8602522"]
[EventDate "2020.01.06"]

1. c4 e6 2. Nc3 d5 3. d4 Nf6 4. Nf3 Nbd7 5. cxd5 exd5 6. Bf4 c6 7. Qc2 Be7 8. e3
Nh5 9. Bd3 Nxf4 10. exf4 Nf6 11. Ne5 O-O 12. O-O-O Bb4 13. f3 Qa5 14. g4 Bxc3
15. bxc3 c5 16. dxc5 g6 17. h4 Qxc5 18. h5 Qe3+ 19. Qd2 Qxd2+ 20. Kxd2 Nd7 21.
Rde1 Nxe5 22. Rxe5 Bd7 23. hxg6 hxg6 24. f5 Rae8 25. Rxd5 Bc6 26. Rd4 Bxf3 27.
Rh3 Bc6 28. f6 Rd8 29. Re3 Rfe8 30. g5 Rxd4 31. Rxe8+ Bxe8 32. cxd4 Bc6 33. Ke3
Bd5 34. a3 Kf8 35. Kf4 Ke8 36. Ke5 Bb3 37. Kd6 Kd8 38. d5 Ke8 39. Be4 Kd8 40.
Bxg6 Bxd5 41. Kxd5 fxg6 42. Ke6 1-0

[Event "PRO League Group Stage"]
[Site "chess.com INT"]
[Date "2020.02.05"]
[Round "5"]
[White "Harikrishna, Pentala"]
[Black "Wang, Yue"]
[Result "1-0"]
[WhiteTitle "GM"]
[BlackTitle "GM"]
[WhiteElo "2716"]
[BlackElo "2669"]
[WhiteTeam "India Yogis"]
[BlackTeam "China Pandas"]
[WhiteFideId "5007003"]
[BlackFideId "8601429"]
[EventDate "2020.01.06"]

1. e4 c6 2. d4 d5 3. exd5 cxd5 4. Bd3 Nf6 5. h3 Nc6 6. c3 e5 7. dxe5 Nxe5 8. Qe2
Qe7 9. Bc2 Bd7 10. Bf4 Nc4 11. b3 Na3 12. Nxa3 Qxe2+ 13. Nxe2 Bxa3 14. Be5 O-O
15. Bxf6 gxf6 16. Bd3 Rac8 17. Rd1 b5 18. O-O Bb2 19. Nf4 Bxc3 20. Nxd5 Kg7 21.
Bxh7 Bxh3 22. Rd3 Be6 23. Nxc3 b4 24. Ne4 Kxh7 25. Nxf6+ Kg6 26. Nd5 Rfd8 27.
Nxb4 a5 28. Rxd8 Rxd8 29. Nc6 Rd2 30. Ra1 1-0

[Event "PRO League Group Stage"]
[Site "chess.com INT"]
[Date "2020.02.05"]
[Round "5"]
[White "Zhao, Jun"]
[Black "Ganguly, Surya Shekhar"]
[Result "1-0"]
[WhiteTitle "GM"]
[BlackTitle "GM"]
[WhiteElo "2638"]
[BlackElo "2636"]
[WhiteTeam "China Pandas"]
[BlackTeam "India Yogis"]
[WhiteFideId "8602522"]
[BlackFideId "5002150"]
[EventDate "2020.01.06"]

1. d4 Nf6 2. c4 e6 3. Nc3 Bb4 4. e3 O-O 5. Ne2 c6 6. a3 Ba5 7. b4 Bc7 8. e4 d5
9. e5 Ne8 10. Ng3 f6 11. exf6 Qxf6 12. Be3 a5 13. b5 c5 14. cxd5 cxd4 15. Bxd4
Qf7 16. Bc4 Nd6 17. Ba2 exd5 18. O-O Be6 19. b6 Bd8 20. Bc5 Qd7 21. Bxd5 Be7 22.
Re1 Bxd5 23. Nxd5 Bd8 24. Nc7 1-0

[Event "PRO League Group Stage"]
[Site "chess.com INT"]
[Date "2020.02.05"]
[Round "5"]
[White "Xu, Xiangyu"]
[Black "Narayanan, S.L."]
[Result "0-1"]
[WhiteTitle "GM"]
[BlackTitle "GM"]
[WhiteElo "2580"]
[BlackElo "2637"]
[WhiteTeam "China Pandas"]
[BlackTeam "India Yogis"]
[WhiteFideId "8608288"]
[BlackFideId "5058422"]
[EventDate "2020.01.06"]

1. e4 e5 2. d4 exd4 3. Qxd4 Nc6 4. Qc4 Nf6 5. Nc3 Bb4 6. Bd2 a5 7. a3 Bxc3 8.
Bxc3 O-O 9. O-O-O b5 10. Qxb5 Nxe4 11. Be1 Ba6 12. Qf5 Bxf1 13. Nf3 Bxg2 14. Rg1
Bxf3 15. Qxf3 Re8 16. Qg4 Qf6 17. f3 Rab8 18. c3 Nc5 19. Rd5 Ne5 0-1

[Event "PRO League Group Stage"]
[Site "chess.com INT"]
[Date "2020.02.05"]
[Round "5"]
[White "Gokerkan, Cem Kaan"]
[Black "Chigaev, Maksim"]
[Result "1/2-1/2"]
[WhiteTitle "IM"]
[BlackTitle "GM"]
[WhiteElo "2458"]
[BlackElo "2616"]
[WhiteTeam "Turkey Knights"]
[BlackTeam "Armenia Eagles"]
[WhiteFideId "6336760"]
[BlackFideId "4108116"]
[EventDate "2020.01.06"]

1. e4 e5 2. Nc3 Nf6 3. g3 Nc6 4. Bg2 Bc5 5. Nge2 d6 6. d3 a6 7. O-O h6 8. h3 g5
9. Nd5 Ba7 10. c3 Nxd5 11. exd5 Ne7 12. d4 Ng6 13. dxe5 dxe5 14. Be3 Bxe3 15.
fxe3 f5 16. Qa4+ Qd7 17. Qb3 Qd6 18. c4 b6 19. Qc3 a5 20. Rac1 O-O 21. c5 bxc5
22. Qxc5 Ba6 23. Rf2 Bxe2 24. Rxe2 e4 25. Qxd6 cxd6 26. g4 fxg4 27. hxg4 Ne5 28.
Bxe4 Nxg4 29. Rc6 Rf6 30. Bg2 Ne5 31. Rc7 Rf7 32. Rec2 a4 33. Rc8+ Rxc8 34.
Rxc8+ Kg7 35. Ra8 Rb7 36. Rxa4 Rxb2 37. Ra6 Rb1+ 38. Kf2 Rb2+ 39. Kg1 Ng4 40.
Bf3 Rb1+ 41. Kg2 Nxe3+ 42. Kf2 Nf5 43. Be4 Rb2+ 44. Kf3 Kf6 45. Bxf5 Kxf5 46.
Rxd6 h5 47. Rh6 h4 48. d6 Rxa2 49. d7 Rd2 50. Rh7 Rd3+ 51. Ke2 Rd6 52. Kf2 Kg4
53. Re7 Rd5 54. Rh7 Kf5 55. Ke3 Kg6 56. Re7 Kf6 57. Rh7 Rd1 58. Kf3 Kg6 59. Re7
Rd3+ 60. Ke2 Rd5 61. Kf3 h3 62. Kg3 Rd3+ 63. Kh2 g4 64. Re4 Kf5 65. Re7 Rd2+ 66.
Kg3 Rd3+ 67. Kh2 Kf6 68. Re4 Kg5 69. Re7 Rd1 70. Rg7+ Kf5 71. Rf7+ Kg6 72. Re7
Rd3 73. Re6+ Kf5 74. Re7 1/2-1/2

[Event "PRO League Group Stage"]
[Site "chess.com INT"]
[Date "2020.02.05"]
[Round "5"]
[White "Sanal, Vahap"]
[Black "Andriasian, Zaven"]
[Result "0-1"]
[WhiteTitle "GM"]
[BlackTitle "GM"]
[WhiteElo "2569"]
[BlackElo "2611"]
[WhiteTeam "Turkey Knights"]
[BlackTeam "Armenia Eagles"]
[WhiteFideId "6300545"]
[BlackFideId "13302000"]
[EventDate "2020.01.06"]

1. c4 e5 2. Nc3 Nc6 3. Nf3 Nf6 4. d4 e4 5. d5 exf3 6. dxc6 fxg2 7. Bxg2 bxc6 8.
b3 g6 9. Bb2 Bg7 10. O-O O-O 11. Qd3 Re8 12. Rad1 Rb8 13. Na4 Qe7 14. e4 d6 15.
Rde1 Nh5 16. Bxg7 Nf4 17. Qg3 Nxg2 18. Kxg2 Kxg7 19. f4 Bd7 20. Nc3 f6 21. h4
Kh8 22. Rh1 Qf7 23. Qf2 c5 24. Nd5 Bc6 25. Qb2 Bxd5 26. exd5 Kg7 27. Qc3 Qd7 28.
Kg3 h5 29. Qf3 Kf7 30. f5 Qxf5 31. Qxf5 gxf5 32. Kf4 Re5 33. Rxe5 dxe5+ 34. Kxf5
Rg8 35. Ke4 Rg4+ 36. Kd3 f5 37. a3 a5 38. b4 Rg3+ 39. Kc2 axb4 0-1

[Event "PRO League Group Stage"]
[Site "chess.com INT"]
[Date "2020.02.05"]
[Round "5"]
[White "Martirosyan, Haik M."]
[Black "Dastan, Muhammed Batuhan"]
[Result "1/2-1/2"]
[WhiteTitle "GM"]
[BlackTitle "GM"]
[WhiteElo "2613"]
[BlackElo "2572"]
[WhiteTeam "Armenia Eagles"]
[BlackTeam "Turkey Knights"]
[WhiteFideId "13306553"]
[BlackFideId "6300014"]
[EventDate "2020.01.06"]

1. d4 d5 2. c4 c6 3. Nf3 Nf6 4. Nc3 dxc4 5. a4 e6 6. e3 c5 7. Bxc4 cxd4 8. Nxd4
a6 9. O-O Bd6 10. b3 O-O 11. Bb2 Bd7 12. Nf3 Qe7 13. e4 Nc6 14. Qe2 Ng4 15. Rad1
Rfd8 16. Nb1 Nce5 17. Nbd2 Rac8 18. h3 b5 19. hxg4 Nxf3+ 20. Qxf3 bxc4 21. Nxc4
Bc5 22. Qc3 f6 23. e5 f5 24. gxf5 exf5 25. Qf3 Be6 26. Nd6 Bxd6 27. exd6 Qf7 28.
Rd3 Rb8 29. Re1 Rd7 30. Rde3 Bd5 31. Qf4 h6 32. Rg3 g5 33. Rxg5+ hxg5 34. Qxg5+
Kh7 35. Qh4+ Kg6 36. Qg3+ Kh7 37. Qh3+ Kg6 38. Re3 Rxb3 39. Qg3+ Kh7 40. Qh4+
Kg6 41. g4 Rxb2 42. Qh5+ Kg7 43. Qg5+ Qg6 44. Re7+ Rxe7 45. Qxe7+ Bf7 46. g5
Rb1+ 47. Kg2 Rd1 48. d7 Rxd7 49. Qxd7 Qxg5+ 50. Kh2 Qh4+ 51. Kg1 Qg4+ 52. Kh2
Qf4+ 53. Kg1 Qc1+ 54. Kh2 Qh6+ 55. Kg1 Qe6 56. Qd4+ Kg6 57. Qb4 Be8 58. a5 Bb5
59. Qd2 Qf6 60. f4 Kf7 61. Qd5+ Qe6 62. Qd2 Ke7 63. Kf2 Qd6 64. Qe3+ Kd7 65.
Qa7+ Qc7 66. Qd4+ Kc8 67. Kg3 Qd7 68. Qc5+ Kb7 69. Kh4 Bd3 70. Qb4+ Qb5 71. Qe7+
Kc6 72. Qd8 Kc5 73. Qe7+ Kc4 74. Qa3 Qb4 75. Qa2+ Kb5 76. Qd5+ Ka4 77. Qxd3
Qxf4+ 78. Kh5 Kxa5 79. Qa3+ Kb5 80. Qd3+ Kb6 81. Qd8+ Qc7 82. Qd4+ Qc5 83. Qd8+
Kb5 84. Qd7+ Kb4 85. Qd2+ Ka4 86. Qa2+ Kb5 87. Qb3+ Kc6 88. Qe6+ Kb7 89. Qd7+
Kb6 90. Qd8+ Kb5 91. Qd3+ Qc4 92. Qd7+ Kb4 93. Qd6+ Kb3 94. Qd1+ Kc3 95. Qc1+
Kd4 96. Qf4+ Kc5 97. Qc7+ Kb5 98. Qd7+ Qc6 99. Qd3+ Kc5 100. Qc3+ Kb6 101. Qd4+
Kc7 102. Qg7+ Qd7 103. Qc3+ Kd8 104. Qf6+ Ke8 105. Qxa6 Ke7 106. Kg5 f4 107.
Qf6+ Ke8 108. Qxf4 Qe7+ 109. Qf6 Qxf6+ 110. Kxf6 1/2-1/2

[Event "PRO League Group Stage"]
[Site "chess.com INT"]
[Date "2020.02.05"]
[Round "5"]
[White "Sargsyan, Shant"]
[Black "Solak, Dragan"]
[Result "1/2-1/2"]
[WhiteTitle "GM"]
[BlackTitle "GM"]
[WhiteElo "2601"]
[BlackElo "2594"]
[WhiteTeam "Armenia Eagles"]
[BlackTeam "Turkey Knights"]
[WhiteFideId "13306766"]
[BlackFideId "916811"]
[EventDate "2020.01.06"]

1. Nf3 d5 2. e3 Bg4 3. c4 Bxf3 4. Qxf3 c6 5. Nc3 e6 6. d4 Nf6 7. Bd3 Nbd7 8. O-O
Bd6 9. e4 dxe4 10. Nxe4 Nxe4 11. Qxe4 Nf6 12. Qe2 O-O 13. Rd1 Qc7 14. g3 Rfe8
15. Bg5 Be7 16. Bf4 Bd6 17. Be5 Nd7 18. Bxd6 Qxd6 19. Bc2 Rad8 20. Qe3 Nf6 21.
Rd3 Rd7 22. Rad1 a6 23. h4 Red8 24. b3 Qa3 25. Bb1 Qa5 26. Kg2 Qh5 27. Qe5 Qxe5
28. dxe5 Rxd3 29. Bxd3 Nd7 30. b4 Kf8 31. Be4 Ke7 32. f4 h5 33. c5 a5 34. a3
axb4 35. axb4 Ra8 36. Rb1 g6 37. Rb3 Ra1 38. Kf2 Kd8 39. Ke3 Kc7 40. Kd4 Nb8 41.
b5 Ra4+ 42. Kd3 cxb5 43. Rxb5 Ra3+ 44. Kc4 Nc6 45. Bxc6 Kxc6 46. Rb6+ Kc7 47.
Rb3 Rxb3 48. Kxb3 Kc6 49. Kc4 b6 50. cxb6 Kxb6 51. Kb4 Kc6 52. Kc4 Kb6 53. Kb4
Kc6 54. Kc4 Kb6 1/2-1/2

[Event "PRO League Group Stage"]
[Site "chess.com INT"]
[Date "2020.02.05"]
[Round "5"]
[White "Tica, Sven"]
[Black "Movsesian, Sergei"]
[Result "0-1"]
[WhiteTitle "IM"]
[BlackTitle "GM"]
[WhiteElo "2398"]
[BlackElo "2641"]
[WhiteTeam "Croatia Bulldogs"]
[BlackTeam "Israel Counsellors"]
[WhiteFideId "14526948"]
[BlackFideId "310204"]
[EventDate "2020.01.06"]

1. d4 Nf6 2. c4 d6 3. Nc3 Nbd7 4. e4 e5 5. Nge2 c6 6. g3 a6 7. Bg2 b5 8. cxb5
axb5 9. O-O Bb7 10. h3 Be7 11. Be3 O-O 12. a3 Re8 13. Rc1 Nb6 14. Qc2 Nc4 15.
Bg5 h6 16. Bxf6 Bxf6 17. d5 Qb6 18. dxc6 Bxc6 19. Rfd1 Rac8 20. Nd5 Bxd5 21.
Rxd5 Bg5 22. b3 Bxc1 23. bxc4 Rxc4 24. Qd3 Qa5 25. Bf1 Qxa3 26. Nxc1 Qxc1 27.
Rxd6 Rb4 28. Rd5 Qc7 29. Rxb5 Rxb5 30. Qxb5 Rb8 31. Qd5 Rd8 32. Qb5 Rd4 33. h4
h5 34. Bh3 g6 35. Bg2 Kg7 36. Qb2 Qd6 37. Bf3 Rd2 38. Qc1 Qd4 39. Qe1 Ra2 40.
Kg2 Qd2 41. Qxd2 Rxd2 42. g4 hxg4 43. Bxg4 Kf6 44. Kg3 Rd3+ 45. f3 Ra3 46. Bd7
Ke7 47. Bg4 Kd6 48. h5 gxh5 49. Bxh5 f6 50. Kg4 Ke6 51. Bg6 Ra1 52. Bf5+ Kf7 53.
Kg3 Rg1+ 54. Kf2 Rh1 55. Kg2 Rh8 56. Kg3 Rg8+ 57. Kf2 Kg7 58. f4 Kh6 59. Kf3 Rb8
60. fxe5 fxe5 61. Kg4 Rg8+ 62. Kf3 Kg5 63. Bh7 Rb8 64. Bf5 Rb3+ 65. Ke2 Kf4 66.
Bh7 Re3+ 67. Kd2 Kf3 68. Bf5 Ra3 69. Bg6 Kf4 70. Bf5 Kg5 71. Ke2 Kf6 72. Kd2 Ke7
73. Ke2 Kd6 74. Kd2 Kc5 75. Be6 Kd4 76. Bd5 Re3 77. Bc6 Rb3 78. Ke2 Rb6 79. Bd5
Rf6 80. Bb7 Rf4 81. Kd2 Rf2+ 82. Ke1 Ke3 83. Bc6 Rc2 0-1

[Event "PRO League Group Stage"]
[Site "chess.com INT"]
[Date "2020.02.05"]
[Round "5"]
[White "Plenca, Jadranko"]
[Black "Rodshtein, Maxim"]
[Result "0-1"]
[WhiteTitle "IM"]
[BlackTitle "GM"]
[WhiteElo "2463"]
[BlackElo "2628"]
[WhiteTeam "Croatia Bulldogs"]
[BlackTeam "Israel Counsellors"]
[WhiteFideId "14527146"]
[BlackFideId "2806851"]
[EventDate "2020.01.06"]

1. e4 e5 2. Nf3 Nc6 3. d4 exd4 4. Nxd4 Nf6 5. Nxc6 bxc6 6. Qe2 Bc5 7. e5 Nd5 8.
Qg4 g6 9. Bc4 d6 10. Qg3 O-O 11. O-O dxe5 12. Qxe5 Re8 13. Qg5 Bf5 14. Qxd8
Raxd8 15. Bg5 Rb8 16. Bb3 Kg7 17. Bd2 Re2 18. Bc4 Re7 19. Nc3 Rd7 20. Na4 Bd4
21. Bb3 Nb6 22. Nc3 Rbd8 23. Bf4 c5 24. Na4 c4 25. Nxb6 cxb6 26. c3 cxb3 27.
cxd4 bxa2 28. Rxa2 a5 29. b4 Be6 30. Ra4 Bb3 31. Ra3 a4 32. Rc1 f6 33. Be3 Kf7
34. Rc3 Ke6 35. Raxb3 axb3 36. Rxb3 Kd5 37. Rc3 Ra8 38. b5 Ra1+ 0-1

[Event "PRO League Group Stage"]
[Site "chess.com INT"]
[Date "2020.02.05"]
[Round "5"]
[White "Fridman, Daniel"]
[Black "Nestorovic, Nikola"]
[Result "1/2-1/2"]
[WhiteTitle "GM"]
[BlackTitle "GM"]
[WhiteElo "2622"]
[BlackElo "2466"]
[WhiteTeam "Israel Counsellors"]
[BlackTeam "Croatia Bulldogs"]
[WhiteFideId "11600454"]
[BlackFideId "934526"]
[EventDate "2020.01.06"]

1. d4 Nf6 2. Nf3 e6 3. g3 d5 4. Bg2 Be7 5. c4 O-O 6. Qc2 dxc4 7. Qxc4 a6 8. Bf4
Nc6 9. O-O Bd7 10. Rd1 Nd5 11. Nc3 b5 12. Qb3 Nxc3 13. Qxc3 Rc8 14. Ne5 Nxe5 15.
Bxe5 Bd6 16. Rac1 b4 17. Qc2 a5 18. Be4 h6 19. Bc6 Bxc6 20. Qxc6 Bxe5 21. dxe5
Qg5 22. f4 Qg4 23. Rc2 f6 24. exf6 Rxf6 25. Qd7 Rcf8 26. Rf1 Rxf4 27. Rxf4 Rxf4
28. Rxc7 Rd4 29. Qf7+ Kh7 30. Qf3 Rd1+ 31. Kg2 Qd4 32. b3 Qe5 33. Rc4 Rd2 34.
Re4 Qf5 35. Qe3 Qd5 36. Kh3 Qf5+ 37. Kg2 Qd5 38. Kf2 Qf5+ 39. Rf4 Qd5 40. Re4
Qf5+ 41. Kg2 1/2-1/2

[Event "PRO League Group Stage"]
[Site "chess.com INT"]
[Date "2020.02.05"]
[Round "5"]
[White "Postny, Evgeny"]
[Black "Saric, Ante"]
[Result "1/2-1/2"]
[WhiteTitle "GM"]
[BlackTitle "GM"]
[WhiteElo "2608"]
[BlackElo "2559"]
[WhiteTeam "Israel Counsellors"]
[BlackTeam "Croatia Bulldogs"]
[WhiteFideId "2804344"]
[BlackFideId "14506254"]
[EventDate "2020.01.06"]

1. d4 d5 2. c4 c6 3. Nf3 Nf6 4. Nbd2 e6 5. g3 Nbd7 6. Bg2 b6 7. O-O Bb7 8. b3
Bd6 9. Bb2 O-O 10. Qc2 Qe7 11. e4 Nxe4 12. Nxe4 dxe4 13. Qxe4 Nf6 14. Qe2 c5 15.
Rad1 Rfd8 16. Rd3 cxd4 17. Nxd4 Bxg2 18. Kxg2 Qb7+ 19. Qf3 Qxf3+ 20. Nxf3 Be7
21. Rfd1 Rxd3 22. Rxd3 Kf8 23. Bxf6 gxf6 24. Rd7 a5 25. Nd4 Ke8 26. Rb7 Bc5 27.
Nb5 Rd8 28. Nc7+ Kf8 29. Na6 Bd4 30. Kf3 f5 31. Ke2 Kg7 32. Nc7 Kf6 33. Nb5 Bc5
34. a3 h5 35. h4 f4 36. gxf4 Rg8 37. Kf3 Rg4 38. Nc3 Rxh4 39. Ne4+ Kg6 40. Nxc5
bxc5 41. Rb5 a4 42. bxa4 Rh3+ 43. Kg2 Rxa3 44. a5 Kf5 45. Rxc5+ Kxf4 46. Rxh5 f5
47. Rh6 Ke5 48. Rh1 Rxa5 49. Re1+ Kd6 50. Rd1+ Kc6 51. Kf3 e5 52. Rh1 Ra3+ 53.
Kg2 f4 54. Re1 Ra5 55. Kf3 Rc5 56. Ke4 Kd6 57. Rd1+ Ke6 58. Rc1 Ra5 59. c5 Ra4+
60. Kf3 Ra7 61. c6 Rc7 62. Ke4 Kd6 63. Rc2 f3 64. Rc3 Rxc6 65. Rxc6+ Kxc6 66.
Kxe5 Kd7 67. Kf6 Kd6 68. Kf5 Ke7 69. Kf4 Kf6 70. Kxf3 Kf5 71. Ke3 Ke5 72. f4+
Kf5 73. Kf3 Kf6 74. Ke4 Ke6 1/2-1/2

[Event "PRO League Group Stage"]
[Site "chess.com INT"]
[Date "2020.02.05"]
[Round "5"]
[White "Markus, Robert"]
[Black "Esipenko, Andrey"]
[Result "0-1"]
[WhiteTitle "GM"]
[BlackTitle "GM"]
[WhiteElo "2599"]
[BlackElo "2654"]
[WhiteTeam "Hungary Hunters"]
[BlackTeam "Russia Wizards"]
[WhiteFideId "921637"]
[BlackFideId "24175439"]
[EventDate "2020.01.06"]

1. Nf3 d5 2. g3 g6 3. Bg2 Bg7 4. O-O e5 5. d3 Ne7 6. Nc3 Nbc6 7. e4 dxe4 8. Nxe4
h6 9. Bd2 a5 10. Qc1 g5 11. h4 g4 12. Nh2 f5 13. Nc3 Nd4 14. Re1 Ra6 15. Ne2 Ne6
16. Nf1 O-O 17. d4 f4 18. gxf4 Nf5 19. dxe5 Nxh4 20. Neg3 Nd4 21. Nh2 Nxg2 22.
Kxg2 Nf3 23. Nxf3 gxf3+ 24. Kxf3 Qd5+ 25. Re4 h5 26. Bc3 h4 27. Qd1 Qe6 28. Ke3
hxg3 29. fxg3 b5 30. Qh5 b4 31. Bd4 Bb7 32. Rh1 Bxe4 33. Kxe4 Qc6+ 34. Ke3 Qxc2
35. Qe2 Qg6 36. Qc4+ Rf7 37. Kf3 Rc6 38. Qb3 Rc2 39. g4 Qc6+ 0-1

[Event "PRO League Group Stage"]
[Site "chess.com INT"]
[Date "2020.02.05"]
[Round "5"]
[White "Erdos, Viktor"]
[Black "Ponkratov, Pavel"]
[Result "0-1"]
[WhiteTitle "GM"]
[BlackTitle "GM"]
[WhiteElo "2621"]
[BlackElo "2622"]
[WhiteTeam "Hungary Hunters"]
[BlackTeam "Russia Wizards"]
[WhiteFideId "719978"]
[BlackFideId "4157800"]
[EventDate "2020.01.06"]

1. Nf3 c5 2. c4 Nc6 3. Nc3 e6 4. g3 g5 5. h3 Bg7 6. Bg2 h6 7. e3 Nge7 8. d4 d6
9. O-O Nf5 10. d5 exd5 11. Nxd5 O-O 12. Rb1 Nfe7 13. b3 Bf5 14. Rb2 Nxd5 15.
cxd5 Ne7 16. Nh2 Ng6 17. e4 Bd7 18. Qh5 Qe8 19. Ng4 Bxg4 20. Qxg4 Kh7 21. f4
gxf4 22. gxf4 Rg8 23. Kh1 Qe7 24. Re2 Qh4 25. Qf5 Kh8 26. e5 Rae8 27. e6 Ne7 28.
Qg4 Qxg4 29. hxg4 f5 30. Bh3 fxg4 31. Bxg4 Bd4 32. Bh3 Nxd5 33. f5 Rg3 34. Kh2
Rg7 35. Bb2 Bxb2 36. Rxb2 Nf6 37. b4 c4 38. Rd2 d5 39. Bg2 Reg8 40. Bf3 Rg5 41.
Bd1 Kh7 42. Rd4 Rg3 43. Bf3 R3g5 44. Kh3 R8g7 45. Rf4 Rc7 46. Re1 Kg7 0-1

[Event "PRO League Group Stage"]
[Site "chess.com INT"]
[Date "2020.02.05"]
[Round "5"]
[White "Chadaev, Nikolai"]
[Black "Banusz, Tamas"]
[Result "1/2-1/2"]
[WhiteTitle "GM"]
[BlackTitle "GM"]
[WhiteElo "2591"]
[BlackElo "2620"]
[WhiteTeam "Russia Wizards"]
[BlackTeam "Hungary Hunters"]
[WhiteFideId "4167392"]
[BlackFideId "722413"]
[EventDate "2020.01.06"]

1. d4 d5 2. Bf4 Nf6 3. e3 c5 4. c3 Nc6 5. Nd2 e6 6. Ngf3 Bd6 7. Bg3 O-O 8. Bb5
Be7 9. Bd3 Nh5 10. Ne5 g6 11. Ndf3 f6 12. Nxc6 bxc6 13. O-O Nxg3 14. hxg3 Rb8
15. Qc2 Kg7 16. c4 Qb6 17. Rab1 Bd7 18. Rfc1 Rfc8 19. dxc5 Bxc5 20. b4 Be7 21.
c5 Qc7 22. e4 dxe4 23. Bxe4 f5 24. Bd3 e5 25. Bc4 e4 26. Nd4 Bf6 27. Rd1 Re8 28.
b5 cxb5 29. Nxb5 Bxb5 30. Bxb5 Red8 31. c6 e3 32. f4 Rd4 33. Be2 Rxb1 34. Rxb1
Kh6 35. Rb7 Qa5 36. c7 Qe1+ 37. Kh2 Bh4 38. c8=Q Qxg3+ 39. Kg1 Qf2+ 40. Kh1 Qe1+
41. Kh2 Qg3+ 42. Kh1 Qe1+ 43. Kh2 Qg3+ 1/2-1/2

[Event "PRO League Group Stage"]
[Site "chess.com INT"]
[Date "2020.02.05"]
[Round "5"]
[White "Demidov, Mikhail"]
[Black "Navara, David"]
[Result "1-0"]
[WhiteTitle "IM"]
[BlackTitle "GM"]
[WhiteElo "2552"]
[BlackElo "2717"]
[WhiteTeam "Russia Wizards"]
[BlackTeam "Hungary Hunters"]
[WhiteFideId "4197143"]
[BlackFideId "309095"]
[EventDate "2020.01.06"]

1. d4 d5 2. Nf3 Nf6 3. Bf4 c5 4. dxc5 e6 5. e3 Bxc5 6. Be2 O-O 7. O-O b6 8. c4
Bb7 9. Nc3 dxc4 10. Bxc4 Nbd7 11. Qe2 a6 12. Rfd1 Qe7 13. Na4 e5 14. Bg5 h6 15.
Bh4 e4 16. Nd2 Bd6 17. Nc3 g5 18. Bg3 Bxg3 19. hxg3 b5 20. Bb3 Rfd8 21. Bc2 Rac8
22. a3 Nc5 23. Nb3 Nxb3 24. Bxb3 Kg7 25. Rxd8 Rxd8 26. Rd1 Bc8 27. Nd5 Nxd5 28.
Rxd5 Rxd5 29. Bxd5 Qe5 30. Qd2 a5 31. Bc6 Bf5 32. Qxa5 Qxb2 33. Bxb5 Qa1+ 34.
Bf1 Bg4 35. Qa6 Bd1 36. Qc4 Qb1 37. Qc3+ Kg6 38. Qe1 Qb3 39. Qd2 Bc2 40. Qb4 Qa2
41. Bc4 Qa1+ 42. Kh2 Qf6 43. Qd2 Bb1 44. a4 Kg7 45. a5 Bd3 46. Bxd3 exd3 47.
Qxd3 Qxf2 48. a6 Qa2 49. Qd4+ Kg6 50. a7 Kh5 51. Qd1+ Kg6 52. Qd3+ f5 53. Qd6+
Kh5 54. Qd1+ Kg6 55. Qd4 Kh5 56. Qc5 Kg4 57. Qd4+ Kh5 58. Qb6 Kg4 59. Qxh6 1-0

[Event "PRO League Group Stage"]
[Site "chess.com INT"]
[Date "2020.02.05"]
[Round "5"]
[White "Chigaev, Maksim"]
[Black "Sanal, Vahap"]
[Result "1-0"]
[WhiteTitle "GM"]
[BlackTitle "GM"]
[WhiteElo "2616"]
[BlackElo "2569"]
[WhiteTeam "Armenia Eagles"]
[BlackTeam "Turkey Knights"]
[WhiteFideId "4108116"]
[BlackFideId "6300545"]
[EventDate "2020.01.06"]

1. Nf3 Nf6 2. g3 c5 3. Bg2 Nc6 4. O-O d5 5. d3 e5 6. Na3 Be7 7. c3 O-O 8. e4
dxe4 9. dxe4 Qxd1 10. Rxd1 Nxe4 11. Nxe5 Nxe5 12. Bxe4 Bg4 13. Re1 Bf3 14. Bxb7
Bxb7 15. Rxe5 Rad8 16. Re1 Rfe8 17. Bf4 g5 18. Rxe7 Rxe7 19. Bxg5 Red7 20. Bxd8
Rxd8 21. Nc4 Ba6 22. Ne3 Rd2 23. b4 cxb4 24. cxb4 Rb2 25. a3 Rb3 26. g4 Kg7 27.
Kg2 Kf6 28. Kg3 Ke5 29. Rc1 Rxa3 30. b5 Bb7 31. Rc7 Be4 32. Rxf7 Bd3 33. h4 Kd4
34. Rb7 Kc5 35. g5 Ra1 36. h5 Rh1 37. h6 Ra1 38. f3 Kd4 39. Ng4 Kc5 40. Ne5 Bxb5
41. Rxh7 a5 42. Ra7 a4 43. h7 1-0

[Event "PRO League Group Stage"]
[Site "chess.com INT"]
[Date "2020.02.05"]
[Round "5"]
[White "Andriasian, Zaven"]
[Black "Gokerkan, Cem Kaan"]
[Result "1/2-1/2"]
[WhiteTitle "GM"]
[BlackTitle "IM"]
[WhiteElo "2611"]
[BlackElo "2458"]
[WhiteTeam "Armenia Eagles"]
[BlackTeam "Turkey Knights"]
[WhiteFideId "13302000"]
[BlackFideId "6336760"]
[EventDate "2020.01.06"]

1. e4 c5 2. Nc3 d6 3. Nf3 Nf6 4. d4 cxd4 5. Nxd4 g6 6. Be2 Bg7 7. Be3 a6 8. g4
b5 9. g5 Nfd7 10. a3 Bb7 11. h4 Nc5 12. f3 Nc6 13. h5 Nxd4 14. Bxd4 Bxd4 15.
Qxd4 e5 16. Qe3 Rf8 17. O-O-O Qb6 18. Kb1 O-O-O 19. f4 exf4 20. Qxf4 Ne6 21. Qg3
Kb8 22. Rd2 Qc5 23. Nd5 gxh5 24. Bxh5 Rg8 25. Bxf7 Nxg5 26. Qf4 Nxf7 27. Qxf7
Rg1+ 28. Rxg1 Qxg1+ 29. Ka2 Qc5 30. Qxh7 Bxd5+ 31. exd5 Qc4+ 32. b3 Qc3 33. Qe7
Qxd2 34. Qxd8+ Kb7 35. Qd7+ Ka8 36. Qc6+ Ka7 37. Qc7+ Ka8 38. Qc8+ Ka7 39. Qc6
Qc1 40. a4 b4 41. a5 Qa3+ 42. Kb1 Qxa5 43. Qd7+ Ka8 44. Qxd6 Qb5 45. Qe6 Kb7 46.
d6 Qb6 47. Qe7+ Kc6 48. d7 Qg1+ 49. Ka2 Qd1 50. d8=Q Qxc2+ 51. Ka1 Qc1+ 52. Ka2
Qc2+ 53. Ka1 Qc1+ 54. Ka2 Qc2+ 1/2-1/2